000 00613nam a2200229Ia 4500
001 46650
005 20240114003800.0
007 ta
008 090402s1968 g b000 u 346 u
040 _aCotton College,Assam
041 _a346
082 _a891.443
_bG 155 Sa
100 _aGongopadhyay, Pabitra .
245 0 _aSahar Darbes /
_cPabitra Gangpadhyay.
_hTextual Documents
250 _a1st ed /
260 _aCalcuta :
_bBidyodya Library Pvt Ltd ,
_c1968.
300 _a109 p ;
_c22 cm.
653 _aT/G-Bengali Literature
942 _2ddc
_cBK
999 _c46615
_d46615